000 00874cab a2200277 4500
001 ABS53836
008 090401t1995 xxu||||| |||| 00| 0 eng d
035 _a(Sirsi) u6828
041 _aeng
100 _aPerry, A.
245 2 _aA question of interpretation
260 _c1995
350 _a0
490 _aEstates Times
_v(1299) 20 October 1995, 6(1)
520 _aAnalyses Colliers Erdman Lewis` fall into receivership with regard to incorporation, professional indemnity and personal/partnership liabilities.
650 _aCOLLIERS ERDMAN LEWIS
650 _aINCORPORATED COMPANIES
650 _aInsolvency
_96247
650 _aPARTNERSHIP LIABILITY
650 _aPERSONAL LIABILITY
650 _aPROFESSIONAL INDEMNITY
650 _aRECEIVERSHIP
690 _aMANAGEMENT-BUSINESS MANAGEMENT-PROFESSIONAL PRACTICE
942 _n0
948 _c04/03/1997
999 _c4060
_d4060